000 01493nam0a2200301 4500
001 RU\NLR\bibl\1799606
005 20260406124254.0
010 _a978-5-295-05228-6
_92000
021 _aRU
_b2011-54766
_93902
035 _a(NLR Aleph) 001790278
090 _a1752958
_c1752958
100 _a20110817d2011 |||y0rusy50 ca
101 0 _arus
102 _aRU
105 _aa |||||||||
200 1 _aГерои труда
_e[справочник]
_fУпр. по делам арх. Респ. Башкортостан, Центр. гос. арх. обществ. об-ний Респ. Башкортостан
_g[сост.: Р.А. Валишин и др.]
_g[редкол.: ... Р.А. Валишин (отв. ред.) и др.]
210 _aУфа
_cКитап
_d2011
215 _a430, [1] с.
_cил.
_d25
606 1 _aГерои Социалистического Труда
_jБиографические словари
_yБашкирская АССР
_91392980
_3RU\NLR\auth\66272633
686 _aУ24(2)359.2(2Р-6Б)я21
702 1 _4220
_8rus
_7ca
_aВалишин
_bР. А.
_gРафкат Ахматович
_3RU\NLR\auth\77105988
_988913
712 0 2 _4570
_aЦентральный государственный архив общественных объединений Республики Башкортостан
_cУфа
_3RU\NLR\AUTH\8817120
_9307484
801 0 _aRU
_bNLR
_c20110817
_gRCR
801 1 _aRU
_bNLR
_c20110817
942 _cBOOK
980 _aNB
980 _aNBR